[Event "Gibraltar Masters 2020"]
[Site "Caleta ENG"]
[Date "2020.01.27"]
[Round "7.110"]
[White "Burke, Mitchell R"]
[Black "Huguet, Sergio"]
[Result "1-0"]
[BlackTitle "FM"]
[WhiteElo "2001"]
[BlackElo "2055"]
[WhiteFideId "416231"]
[BlackFideId "2212552"]
[EventDate "2020.01.21"]

1. e4 c5 2. Nc3 e6 3. f4 d5 4. Nf3 d4 5. Ne2 Nc6 6. d3 f5 7. Ng3 Nf6 8. Be2 Be7
9. O-O O-O 10. Qe1 b5 11. a4 bxa4 12. Rxa4 Bd7 13. Ra1 Qb6 14. Ne5 Nb4 15. Bd1
fxe4 16. Nxe4 Bb5 17. Rf3 Nbd5 18. Rh3 Nxe4 19. Qxe4 Nf6 20. Qe1 Bc6 21. Nc4 Qc7
22. Qxe6+ Kh8 23. Ne5 Be8 24. Bf3 Rd8 25. Bd2 Rd6 26. Qc4 Nd7 27. Be4 Rh6 28.
Rxh6 gxh6 29. Qe6 Bf6 30. Ba5 Nb6 31. Bxb6 Qxb6 32. Qxb6 axb6 33. Ra7 Bg7 34. g3
Bh5 35. Nd7 Re8 36. Nxb6 Bd1 37. Nc4 Bxc2 38. Nd6 Rb8 39. Nf5 Bf8 40. Nxh6 Bxh6
41. Rxh7+ Kg8 42. Rxh6 c4 43. Rd6 cxd3 44. Rxd4 1-0

[Event "Gibraltar Masters 2020"]
[Site "Caleta ENG"]
[Date "2020.01.27"]
[Round "7.111"]
[White "Guerra Reig, Juan"]
[Black "Skou, Niels"]
[Result "0-1"]
[WhiteElo "1998"]
[BlackElo "2036"]
[WhiteFideId "2224801"]
[BlackFideId "1413155"]
[EventDate "2020.01.21"]

1. c4 e5 2. Nc3 Nf6 3. g3 d5 4. cxd5 Nxd5 5. Bg2 Nb6 6. d3 Be7 7. Nf3 Nc6 8. O-O
O-O 9. Be3 Re8 10. Rc1 Be6 11. a3 f6 12. b4 a6 13. Na4 Nd5 14. Nc5 Bxc5 15. Bxc5
Qd7 16. Qc2 Rac8 17. Nd2 b6 18. Be3 Nce7 19. Nc4 Nf5 20. Qd2 Ndxe3 21. Nxe3 Nd4
22. Qb2 Rb8 23. Rfe1 Rec8 24. Rc3 Qb5 25. Nc2 c5 26. Nxd4 exd4 27. Rc2 a5 28.
bxc5 Rxc5 29. Qxb5 Rxb5 30. Rc6 Kf7 31. Rd6 Rb3 32. Ra1 Rc8 33. Rxd4 Rxa3 34.
Rb1 b5 35. h4 b4 36. Bd5 Rb8 37. Bxe6+ Kxe6 38. Kf1 b3 39. Ke1 a4 40. Rc4 b2 41.
Kd1 Ra1 42. Kc2 a3 43. Ra4 Kd5 44. e4+ Kc6 45. d4 Kb6 46. Rb4+ Kc7 47. Rc4+ Kd7
48. d5 Rxb1 0-1

[Event "Gibraltar Masters 2020"]
[Site "Caleta ENG"]
[Date "2020.01.27"]
[Round "7.112"]
[White "Sagar, Siya"]
[Black "Adewole, Adeyinka"]
[Result "0-1"]
[WhiteElo "1740"]
[BlackElo "1941"]
[WhiteFideId "25098160"]
[BlackFideId "8502544"]
[EventDate "2020.01.21"]

1. e4 d6 2. d4 Nd7 3. Nc3 g6 4. Nf3 Bg7 5. Be3 e5 6. Bc4 Ne7 7. O-O Nb6 8. Bb3
O-O 9. Qd2 Nc6 10. Rad1 Bg4 11. Ne2 Bxf3 12. gxf3 Qh4 13. c3 Qh3 14. f4 Kh8 15.
f3 Rae8 16. Ng3 f5 17. Qg2 Qxg2+ 18. Kxg2 Bh6 19. Ne2 Kg7 20. d5 Na5 21. Bxb6
axb6 22. Ba4 Nc4 23. Bxe8 Rxe8 24. Kf2 Nxb2 25. Rd2 Nc4 26. Rdd1 fxe4 27. fxe4
Bxf4 28. Nxf4 exf4 29. Rd4 Ne5 30. h3 Ra8 31. a4 g5 32. Ke2 h5 33. h4 f3+ 34.
Kf2 g4 35. Kg3 Kf6 36. Ra1 Ke7 37. Ra2 c5 38. dxc6 bxc6 39. Rad2 Rf8 40. Rb4 f2
41. Rxf2 Rxf2 42. Kxf2 Nd3+ 43. Kg3 Nxb4 44. cxb4 Kd7 45. Kf4 Kc7 46. Ke3 Kb7
47. Kf2 c5 48. bxc5 bxc5 0-1

[Event "Gibraltar Masters 2020"]
[Site "Caleta ENG"]
[Date "2020.01.28"]
[Round "8.32"]
[White "Buckels, Valentin"]
[Black "Ivanchuk, Vassily"]
[Result "1-0"]
[WhiteTitle "IM"]
[BlackTitle "GM"]
[WhiteElo "2459"]
[BlackElo "2698"]
[WhiteFideId "12942766"]
[BlackFideId "14100010"]
[EventDate "2020.01.21"]

1. d4 Nf6 2. Bf4 d6 3. Nc3 c6 4. e4 Qa5 5. e5 dxe5 6. dxe5 Ne4 7. Ne2 g5 8. Bd2
Nxd2 9. Qxd2 Qxe5 10. O-O-O Nd7 11. g3 Bg7 12. Bh3 O-O 13. Rhe1 Nc5 14. Bxc8
Raxc8 15. Nf4 Qd6 16. Qe3 gxf4 17. gxf4 Qf6 18. Qxc5 Qxf4+ 19. Kb1 e6 20. Re4
Qf3 21. Rg1 Kh8 22. Reg4 Rg8 23. Qxa7 c5 24. R4g3 Qxf2 25. Qxb7 Rb8 26. Qe7 Rge8
27. Qh4 c4 28. Qh3 Rxb2+ 29. Kxb2 Rb8+ 30. Kc1 Qf4+ 31. Kd1 Rd8+ 32. Ke1 Qc1+
33. Kf2 Bd4+ 34. Re3 Qd2+ 35. Ne2 Rd5 36. Rg3 Re5 37. Rf3 c3 38. Qh6 Bc5 39.
Qf6+ 1-0

[Event "Gibraltar Masters 2020"]
[Site "Caleta ENG"]
[Date "2020.01.28"]
[Round "8.33"]
[White "Bulmaga, Irina"]
[Black "Lagarde, Maxime"]
[Result "0-1"]
[WhiteTitle "IM"]
[BlackTitle "GM"]
[WhiteElo "2446"]
[BlackElo "2651"]
[WhiteFideId "13903063"]
[BlackFideId "662399"]
[EventDate "2020.01.21"]

1. e4 e6 2. d4 d5 3. Nc3 Nf6 4. Bg5 Bb4 5. e5 h6 6. Bh4 g5 7. Bg3 Ne4 8. Ne2 h5
9. f3 Nxg3 10. hxg3 Bd7 11. Qd2 Be7 12. f4 c5 13. dxc5 Nc6 14. O-O-O Qa5 15. Nd4
Nxd4 16. Qxd4 Bxc5 17. Qd3 O-O-O 18. Kb1 a6 19. Ne2 Bb5 20. Qc3 Qxc3 21. Nxc3
Bc6 22. Ne2 Bf2 23. Nd4 Bxg3 24. Nxc6 bxc6 25. Bxa6+ Kd7 26. fxg5 Bxe5 27. Rdf1
Ke7 28. Rh3 Rb8 29. b3 Rbg8 30. Rhf3 Rg7 31. Bd3 Rxg5 32. Rxf7+ Kd6 33. R1f2 Bd4
34. R2f4 Bc3 35. Bf1 Re5 0-1

[Event "Gibraltar Masters 2020"]
[Site "Caleta ENG"]
[Date "2020.01.28"]
[Round "8.36"]
[White "Tregubov, Pavel V."]
[Black "Kobo, Ori"]
[Result "1/2-1/2"]
[WhiteTitle "GM"]
[BlackTitle "GM"]
[WhiteElo "2588"]
[BlackElo "2445"]
[WhiteFideId "4115341"]
[BlackFideId "2812320"]
[EventDate "2020.01.21"]

1. d4 Nf6 2. Nc3 d5 3. Bf4 e6 4. Nb5 Na6 5. e3 c6 6. Nc3 Bb4 7. Bxa6 bxa6 8. Ne2
O-O 9. O-O a5 10. Na4 Ba6 11. a3 Be7 12. Re1 Nd7 13. Nec3 c5 14. e4 cxd4 15.
Qxd4 Bf6 16. e5 Be7 17. Rad1 Qc8 18. Qd2 Re8 19. Ne2 Bxe2 20. Rxe2 Rb8 21. Qd4
Qa6 22. c4 dxc4 23. Red2 Nf8 24. Be3 Qc6 25. Nc3 Ng6 26. f4 a6 27. Qe4 Qxe4 28.
Nxe4 Rb3 29. Bc5 h6 30. Bxe7 Rxe7 31. g3 Rc7 32. Rc2 Rb8 33. Nd6 c3 34. Rxc3
Rxc3 35. bxc3 Rb3 36. c4 Rxa3 37. Rb1 a4 38. Rb6 Rc3 39. Rxa6 a3 40. Ra8+ Nf8
41. Kf2 g5 42. h4 gxh4 43. gxh4 h5 44. Ke2 Kg7 45. f5 exf5 46. Nxf5+ Kg6 47.
Ne7+ Kg7 48. Nf5+ Kg6 49. Ne7+ 1/2-1/2

[Event "Gibraltar Masters 2020"]
[Site "Caleta ENG"]
[Date "2020.01.28"]
[Round "8.45"]
[White "Trent, Lawrence"]
[Black "Petrov, Martin"]
[Result "1/2-1/2"]
[WhiteTitle "IM"]
[BlackTitle "IM"]
[WhiteElo "2383"]
[BlackElo "2504"]
[WhiteFideId "408638"]
[BlackFideId "2911086"]
[EventDate "2020.01.21"]

1. e4 c5 2. Nf3 d6 3. Bb5+ Nd7 4. Ba4 Nf6 5. O-O e6 6. c4 Be7 7. Nc3 O-O 8. d4
cxd4 9. Qxd4 a6 10. Bg5 Qc7 11. Rfd1 Rd8 12. Rac1 Ne5 13. b3 b6 14. h3 Nxf3+ 15.
gxf3 Bb7 16. Be3 Qc5 17. Qxc5 bxc5 18. Rd2 h6 19. Rb1 Rac8 20. Kh2 d5 21. cxd5
exd5 22. exd5 Nxd5 23. Nxd5 Rxd5 24. Rxd5 Bxd5 25. Kg2 Be6 26. Rd1 c4 27. bxc4
Rxc4 28. Bb3 Rc3 29. Rc1 Rxc1 30. Bxc1 Bxb3 31. axb3 Kh7 32. f4 Kg6 33. Kf3 Kf5
34. Bd2 Bd6 35. Be3 Bc7 36. Bd2 Bb6 37. Be3 Bc7 38. Bd2 Bb8 39. Be3 Bd6 40. Bd2
f6 41. Be3 Bc7 42. Bd2 Bd6 43. Be3 h5 44. Bd2 Bc5 45. Be3 Bd6 46. Bd2 Ba3 47.
Be3 Bb2 48. Bd2 g6 49. Be3 Ba3 50. Bd2 Bc5 51. Bc1 Bf8 52. Be3 Bh6 53. Bc1 Bf8
54. Be3 Bd6 55. Bd2 g5 56. fxg5 fxg5 57. Be3 Bf4 58. Bb6 Be5 59. Be3 Bc7 60. Bd2
Bb6 61. Bc1 Bc5 62. Bd2 Be7 63. Bc3 Bd8 64. Bb2 g4+ 65. hxg4+ hxg4+ 66. Ke2 Ke4
67. Bc3 Bb6 68. Bf6 Bd4 69. Bxd4 Kxd4 70. Kd2 Ke4 71. Ke2 Kf4 72. Kd2 Kf3 73.
Ke1 Ke4 74. Ke2 Kd4 75. Kd2 Ke4 76. Ke2 Kf4 77. Kd2 Ke4 78. Ke2 1/2-1/2

[Event "Gibraltar Masters 2020"]
[Site "Caleta ENG"]
[Date "2020.01.28"]
[Round "8.58"]
[White "Bilguun, Sumiya"]
[Black "Pigott, John C"]
[Result "1/2-1/2"]
[WhiteTitle "IM"]
[BlackTitle "IM"]
[WhiteElo "2486"]
[BlackElo "2370"]
[WhiteFideId "4901541"]
[BlackFideId "400459"]
[EventDate "2020.01.21"]

1. e4 c5 2. Nf3 d6 3. d4 cxd4 4. Nxd4 Nf6 5. Nc3 a6 6. Be3 e5 7. Nb3 Be6 8. Be2
Be7 9. h4 O-O 10. Bf3 b5 11. g4 b4 12. Nd5 Nxd5 13. exd5 Bc8 14. a3 bxa3 15.
Rxa3 Bxh4 16. Be4 h6 17. Nd2 Bg5 18. Bxg5 Qxg5 19. Rg3 g6 20. Bd3 Kg7 21. Ne4
Qe7 22. Qd2 Rh8 23. Rg2 Nd7 24. Rgh2 Nf6 25. Rxh6 Nxe4 26. Bxe4 Bxg4 27. Rxh8
Rxh8 28. Rxh8 Kxh8 29. Qh6+ Kg8 30. b4 Bh5 31. c4 Qh4 32. Qe3 Qg4 33. f3 Qh4+
34. Kd2 Qh2+ 35. Qe2 Qf4+ 36. Qe3 Qh2+ 37. Qe2 Qf4+ 38. Qe3 Qh2+ 1/2-1/2

[Event "Gibraltar Masters 2020"]
[Site "Caleta ENG"]
[Date "2020.01.28"]
[Round "8.59"]
[White "Tomilova, Elena"]
[Black "Girya, Olga"]
[Result "1/2-1/2"]
[WhiteTitle "WGM"]
[BlackTitle "WGM"]
[WhiteElo "2372"]
[BlackElo "2477"]
[WhiteFideId "4162340"]
[BlackFideId "4195752"]
[EventDate "2020.01.21"]

1. e4 c6 2. c4 d5 3. exd5 cxd5 4. cxd5 Nf6 5. Nc3 Nxd5 6. Nf3 Nc6 7. Bb5 e6 8.
O-O Bd6 9. d4 O-O 10. Bxc6 Nxc3 11. bxc3 bxc6 12. Qd3 c5 13. Ng5 f5 14. Re1 Rf6
15. Qf3 Rb8 16. dxc5 Bxc5 17. Bf4 Rb2 18. Re2 Rxe2 19. Qxe2 Bb7 20. Rd1 Qe8 21.
Nf3 Qc6 22. Rd8+ Rf8 23. Rxf8+ Bxf8 24. c4 a5 25. h4 a4 26. Qb2 a3 27. Qd4 Qe4
28. Qb6 h6 29. Be5 Qc6 30. Qd4 Ba6 31. Nd2 Bb7 32. Nf3 Ba6 33. Nd2 Bc5 34. Qc3
Qd7 35. Qg3 Bb4 36. Bc3 f4 37. Qh3 Bf8 38. Qf3 e5 39. Qe2 Bb7 40. Qxe5 Qg4 41.
f3 Qxh4 42. Qe6+ Kh8 43. Qe5 Kg8 44. Qe6+ Kh8 45. Qe5 Kg8 46. Qe6+ 1/2-1/2

[Event "Gibraltar Masters 2020"]
[Site "Caleta ENG"]
[Date "2020.01.28"]
[Round "8.60"]
[White "Vega Gutierrez, Sabrina"]
[Black "Roussel-Roozmon, Thomas"]
[Result "0-1"]
[WhiteTitle "IM"]
[BlackTitle "GM"]
[WhiteElo "2364"]
[BlackElo "2473"]
[WhiteFideId "2219026"]
[BlackFideId "2603659"]
[EventDate "2020.01.21"]

1. e4 c5 2. Nf3 e6 3. d4 cxd4 4. Nxd4 Nc6 5. Nc3 Qc7 6. g3 a6 7. Bg2 Nf6 8. O-O
Nxd4 9. Qxd4 Bc5 10. Bf4 d6 11. Qd2 h6 12. Rad1 e5 13. Be3 Ke7 14. Bxc5 Qxc5 15.
Na4 Qc6 16. c4 Bg4 17. f3 Be6 18. b3 b5 19. cxb5 axb5 20. Rc1 Qb7 21. Rfd1 Rhd8
22. Nc3 b4 23. Nd5+ Bxd5 24. exd5 Qa7+ 25. Kh1 Qxa2 26. Qxb4 Rab8 27. Rc7+ Kf8
28. Rb7 Rxb7 29. Qxb7 Kg8 30. Qb6 Rd7 31. Bf1 Qa7 32. Qxa7 Rxa7 33. Bb5 Ra2 34.
Bc4 e4 35. fxe4 Ng4 36. Re1 Rxh2+ 37. Kg1 Rc2 38. Be2 Ne5 39. b4 Rb2 40. b5 Kf8
41. Kf1 Rb4 42. Ra1 Ke7 43. Ra7+ Kd8 44. Kf2 Rxe4 45. Bf1 Rb4 46. Ke3 Kc8 47.
Be2 Kb8 48. Re7 Rb3+ 49. Kf2 Rc3 50. Re8+ Kb7 51. Rd8 Kc7 52. Ra8 Rb3 53. Bf1
Kb6 54. Rc8 h5 55. Be2 g6 56. Bf1 Rb4 57. Ke3 Rg4 58. Kf2 Rd4 59. Ra8 Rxd5 60.
Ra6+ Kc7 61. Ke3 Rd1 62. Bg2 Rd3+ 63. Ke2 Rb3 64. Ra7+ Kb6 65. Rb7+ Kc5 66. Bc6
Rxg3 67. Be8 Rb3 68. Rc7+ Kd4 0-1

[Event "Gibraltar Masters 2020"]
[Site "Caleta ENG"]
[Date "2020.01.28"]
[Round "8.61"]
[White "Batsiashvili, Nino"]
[Black "Abrahamyan, Tatev"]
[Result "1-0"]
[WhiteTitle "GM"]
[BlackTitle "WGM"]
[WhiteElo "2456"]
[BlackElo "2363"]
[WhiteFideId "13602993"]
[BlackFideId "13301918"]
[EventDate "2020.01.21"]

1. c4 Nf6 2. g3 e6 3. Bg2 d5 4. Nf3 dxc4 5. O-O Be7 6. Qc2 O-O 7. Qxc4 c5 8. d3
Nbd7 9. Qc2 Nd5 10. Bd2 b6 11. a4 Bb7 12. a5 Bf6 13. Na3 Qc7 14. Nc4 e5 15. Qb3
h6 16. axb6 N5xb6 17. e4 Nxc4 18. Qxc4 Nb6 19. Qc2 Qd6 20. Rfc1 Rfd8 21. Bf1 Be7
22. Be3 Nd7 23. Ra5 a6 24. Bh3 Qf6 25. Nd2 Bc8 26. Nc4 Nf8 27. Bxc8 Raxc8 28.
Qc3 Ng6 29. Ra3 Qe6 30. Rb3 Rc6 31. Na5 Rc7 32. Rb7 Rdc8 33. Rxc7 Rxc7 34. Qd2
Rd7 35. Bxc5 Bxc5 36. Rxc5 Qg4 37. Nc4 Qf3 38. Ne3 Qxe4 39. dxe4 Rxd2 40. Rc8+
Kh7 41. Rc7 Kg8 42. Nc4 Rc2 43. b3 a5 44. h4 f6 45. Ra7 Rc3 46. Nxa5 Rc1+ 47.
Kg2 Re1 48. Kf3 f5 49. Ra6 fxe4+ 50. Kg2 Ne7 51. Re6 Nd5 52. Rxe5 Nf6 53. Nc4
Rb1 54. Rb5 Kf7 55. Rb7+ Ke6 56. Rb6+ Ke7 57. Ne3 g6 58. b4 Kf7 59. Nc4 Nd7 60.
Rd6 Nf6 61. Ne5+ Ke7 62. Rb6 Nd5 63. Nxg6+ Kd7 64. Ne5+ Kc7 65. Rc6+ Kb7 66. Rc5
Nf6 67. b5 e3 68. fxe3 Ne4 69. Rd5 Nc3 70. Rd3 Nxb5 71. Ng6 Nc7 72. Nf4 Rb5 73.
Kf3 Kc6 74. Rd8 1-0

[Event "Gibraltar Masters 2020"]
[Site "Caleta ENG"]
[Date "2020.01.28"]
[Round "8.62"]
[White "Real De Azua, Ernesto"]
[Black "Beinoras, Mindaugas"]
[Result "1/2-1/2"]
[WhiteTitle "IM"]
[BlackTitle "IM"]
[WhiteElo "2456"]
[BlackElo "2355"]
[WhiteFideId "108154"]
[BlackFideId "12802085"]
[EventDate "2020.01.21"]

1. c4 e5 2. g3 Nf6 3. Bg2 d5 4. cxd5 Nxd5 5. Nf3 Nc6 6. O-O Nb6 7. b3 Bd6 8. Bb2
O-O 9. d3 Re8 10. Nbd2 Bg4 11. Ne4 Bf8 12. Rc1 Nd4 13. Nxd4 exd4 14. h3 Bh5 15.
g4 Bg6 16. Nc5 Bxc5 17. Rxc5 c6 18. Re1 Qd6 19. b4 a5 20. Qb3 axb4 21. Qxb4 Na4
22. Rb5 Qxb4 23. Rxb4 Nxb2 24. Rxb2 Bxd3 25. Rxb7 Bxe2 26. Bxc6 Rec8 27. Rxe2
Rxc6 28. Rd7 Rc4 29. Rd2 g5 30. R7xd4 Rxd4 31. Rxd4 Rxa2 1/2-1/2

[Event "Gibraltar Masters 2020"]
[Site "Caleta ENG"]
[Date "2020.01.28"]
[Round "8.63"]
[White "Paveto, Kevin"]
[Black "Borocz, Istvan1"]
[Result "1-0"]
[WhiteTitle "IM"]
[BlackTitle "IM"]
[WhiteElo "2452"]
[BlackElo "2337"]
[WhiteFideId "173444"]
[BlackFideId "703036"]
[EventDate "2020.01.21"]

1. e4 c5 2. Nf3 d6 3. d4 cxd4 4. Nxd4 Nf6 5. Nc3 a6 6. Bg5 e6 7. f4 b5 8. a3 Qb6
9. Qd2 Bb7 10. Bxf6 gxf6 11. O-O-O Nc6 12. Nb3 Rc8 13. Be2 h5 14. Kb1 Be7 15. h4
Na5 16. Nxa5 Qxa5 17. Rh3 b4 18. axb4 Qxb4 19. Rd3 Rb8 20. Rd4 Qb6 21. Na4 Qa7
22. f5 Bc6 23. Qa5 e5 24. Rc4 Qb7 25. Qc3 Bxe4 26. Rc7 Qb4 27. Rc8+ Bd8 28. Qxb4
Rxb4 29. Rxd6 Ke7 30. Rxa6 Bxf5 31. Ra7+ Kd6 32. Rca8 Be4 33. Ra6+ Kc7 34. R8a7+
Rb7 35. g3 Rxa7 36. Rxa7+ Kd6 37. b4 Rg8 38. Nc5 Bc6 39. Ra6 Kc7 40. b5 Bg2 41.
Bxh5 Rxg3 42. Bxf7 Kb8 43. Rd6 Kc7 44. Rd7+ Kb6 45. Ne6 Kxb5 46. Rxd8 Rh3 47.
Rd2 Bf3 48. Rf2 Kc6 49. Ng7 e4 50. Nf5 Kc5 51. Kc1 Bg4 52. Kd2 Kb4 53. Bd5 Bxf5
54. Rxf5 Rxh4 55. Ke3 Kc3 56. Bb3 Rh6 57. Kxe4 Rg6 58. Kd5 Rh6 59. Ke6 Kb4 60.
Rxf6 Rh2 61. Ke5 Kc5 62. Rf4 Rd2 63. Rc4+ Kb5 64. Ke4 Rh2 65. Kd3 Rh3+ 66. Kd2
Rh2+ 67. Kc3 Rh3+ 68. Kb2 Rh2 69. Rg4 Rf2 70. Ka3 Rf5 71. Ra4 Rf2 72. Rd4 Kc5
73. Rd5+ Kc6 74. Rh5 Rf4 75. c4 Rf8 76. Ba4+ Kb6 77. Kb4 Rf1 78. Rh6+ Kc7 79.
Rh7+ Kb8 80. Bb5 Rf6 81. Kc5 Rg6 82. Bc6 Kc8 83. Kb6 Kd8 84. Rd7+ 1-0

[Event "Gibraltar Masters 2020"]
[Site "Caleta ENG"]
[Date "2020.01.28"]
[Round "8.64"]
[White "Petrov, Vladimir Sergeev"]
[Black "Atalik, Ekaterina"]
[Result "0-1"]
[WhiteTitle "IM"]
[BlackTitle "IM"]
[WhiteElo "2353"]
[BlackElo "2450"]
[WhiteFideId "2902940"]
[BlackFideId "4130189"]
[EventDate "2020.01.21"]

1. e4 c6 2. d4 d5 3. Nc3 dxe4 4. Nxe4 Bf5 5. Ng3 Bg6 6. h4 h6 7. Nf3 e6 8. h5
Bh7 9. Bd3 Bxd3 10. Qxd3 Nf6 11. Bd2 Be7 12. O-O-O O-O 13. Kb1 c5 14. Ne4 Nc6
15. Nxc5 Bxc5 16. dxc5 Qxd3 17. cxd3 Rfd8 18. Bc3 Rd5 19. b4 Nxh5 20. Be5 Nxe5
21. Rxh5 Rxd3 22. Rc1 Nxf3 23. gxf3 Rc8 24. b5 Kf8 25. c6 bxc6 26. bxc6 Rd5 27.
Rh4 Rb5+ 28. Ka1 Rb6 29. c7 Ke7 30. Rhc4 g6 31. R1c3 h5 32. f4 Rb7 33. a4 h4 34.
Ka2 Kf6 35. a5 Rb5 36. Ra3 Ke7 37. a6 Kd7 38. Rd3+ Rd5 39. Rdc3 Ra5+ 40. Kb2
Rxa6 41. Kc1 Rd6 42. Ra4 a6 43. Rh3 Rxc7+ 44. Kb1 Rb6+ 45. Ka1 Rc1+ 46. Ka2 Rc2+
47. Ka1 Rd6 48. Rh1 Rcd2 49. Rxh4 Rxf2 50. Rh1 Ke7 51. Rb4 Kf6 52. Rb7 Rxf4 53.
Rh7 Kg5 54. Rh1 f5 55. Kb2 e5 0-1

[Event "Gibraltar Masters 2020"]
[Site "Caleta ENG"]
[Date "2020.01.28"]
[Round "8.65"]
[White "Barrish, Daniel"]
[Black "Horvath, Dominik"]
[Result "0-1"]
[WhiteTitle "FM"]
[BlackTitle "IM"]
[WhiteElo "2352"]
[BlackElo "2449"]
[WhiteFideId "14304600"]
[BlackFideId "1642561"]
[EventDate "2020.01.21"]

1. d4 Nf6 2. c4 g6 3. f3 e6 4. e4 d5 5. cxd5 exd5 6. Nc3 dxe4 7. fxe4 Bb4 8. Bd3
c5 9. a3 Bxc3+ 10. bxc3 cxd4 11. cxd4 Nxe4 12. Bxe4 Qh4+ 13. Kf1 Qxe4 14. Bh6
Nc6 15. Qe1 Bf5 16. Bg7 Rg8 17. Bf6 Kd7 18. Nf3 Rge8 19. Qd2 Qd3+ 20. Qxd3 Bxd3+
21. Kf2 Re2+ 22. Kg3 Ke6 23. Bg7 Ne7 24. Ng5+ Kd5 25. Kf3 Nf5 26. Rhd1 Ba6 27.
Be5 h6 28. Nh3 g5 29. g3 f6 30. Re1 fxe5 0-1

[Event "Gibraltar Masters 2020"]
[Site "Caleta ENG"]
[Date "2020.01.28"]
[Round "8.66"]
[White "Womacka, Mathias"]
[Black "Divya, Deshmukh"]
[Result "1/2-1/2"]
[WhiteTitle "GM"]
[BlackTitle "WIM"]
[WhiteElo "2439"]
[BlackElo "2322"]
[WhiteFideId "4611390"]
[BlackFideId "35006916"]
[EventDate "2020.01.21"]

1. e4 c5 2. Nf3 d6 3. d4 cxd4 4. Nxd4 Nf6 5. Nc3 Nc6 6. Be2 e5 7. Nf3 h6 8. O-O
Be6 9. Re1 Be7 10. h3 O-O 11. Bf1 Rc8 12. Nd5 Nd7 13. c4 f5 14. exf5 Bxf5 15. b3
Nf6 16. Ba3 Nxd5 17. Qxd5+ Kh8 18. Rad1 Rf6 19. Bd3 Be6 20. Qe4 Bf5 21. Qd5 Be6
22. Qe4 Bf5 23. Qe2 Bxd3 24. Rxd3 Qa5 25. Bc1 Rcf8 26. Rd5 Qa6 27. Be3 Bd8 28.
c5 Qxe2 29. Rxe2 Bc7 30. cxd6 Rxd6 31. Red2 Rxd5 32. Rxd5 Rd8 33. Rxd8+ Bxd8 34.
Kf1 Kg8 35. Ke2 Kf7 36. Kd3 Ke6 37. Ke4 Be7 38. h4 Nb4 39. Nxe5 Bxh4 40. Ng6 Bf6
41. a4 b6 42. Nf4+ Kd6 43. Kf5 Bc3 44. Ne2 Bb2 45. Bd4 Bxd4 46. Nxd4 Nd3 47.
Nb5+ Kc5 48. Nxa7 Nxf2 49. Kg6 Kb4 50. Nc8 Kxb3 51. Nxb6 Kb4 52. Kxg7 h5 53. Kg6
h4 54. Nd5+ Kxa4 55. Nf4 Ng4 56. Nd5 Nf2 57. Nf4 Ng4 58. Kg5 Ne3 59. Kxh4 Nxg2+ 1/2-1/2

[Event "Gibraltar Masters 2020"]
[Site "Caleta ENG"]
[Date "2020.01.28"]
[Round "8.67"]
[White "Lujan, Carolina"]
[Black "Sardana, Rishi"]
[Result "0-1"]
[WhiteTitle "IM"]
[BlackTitle "IM"]
[WhiteElo "2330"]
[BlackElo "2437"]
[WhiteFideId "109878"]
[BlackFideId "25004301"]
[EventDate "2020.01.21"]

1. e4 c6 2. Nf3 d5 3. Nc3 dxe4 4. Nxe4 Nf6 5. Qe2 Nxe4 6. Qxe4 Be6 7. b3 Nd7 8.
Bb2 Nf6 9. Qh4 Bf5 10. Nd4 Bg6 11. f4 e6 12. O-O-O Bc5 13. f5 exf5 14. Nxf5 Bxf5
15. Qg5 Bd4 16. Qxf5 Bxb2+ 17. Kxb2 O-O 18. Bd3 a5 19. Rhf1 a4 20. b4 a3+ 21.
Kb1 Ra4 22. Rf4 Qd6 23. c3 g6 24. Qxf6 Qxd3+ 25. Kc1 Qd5 26. Kb1 Qd3+ 27. Kc1 c5
28. Re1 Ra6 29. Qe7 Rd6 30. Qe2 Qd5 31. c4 Qg5 32. Qe3 Re6 33. Re4 Rxe4 34. Qxg5
Rxe1+ 35. Kc2 cxb4 36. Qa5 Ra1 37. Qxb4 Rxa2+ 38. Kc3 Ra1 39. Qa5 b6 40. Qa7 Rc8
41. Qd7 Rc1+ 42. Kb3 R1xc4 43. Kxa3 Ra8+ 44. Kb3 Rcc8 45. d4 Rd8 46. Qb7 Rab8
47. Qc7 Rbc8 48. Qb7 b5 49. g4 Rc4 50. h4 Rcxd4 51. h5 Rd3+ 52. Kb2 Rd2+ 53. Kb3
gxh5 54. gxh5 h6 55. Qb6 R8d6 56. Qg1+ Kf8 57. Qa1 R2d5 58. Qh8+ Ke7 59. Qa8
Rxh5 60. Qb7+ Ke6 61. Qe4+ Re5 62. Qb7 Red5 63. Qc8+ Kf6 64. Qh8+ Ke7 65. Qh7 h5
66. Qe4+ Kf8 67. Qh7 Rg6 68. Qh8+ Ke7 69. Qa8 Rdg5 70. Qa3+ Kf6 71. Qf8 Rf5 72.
Kb4 Rg4+ 73. Ka5 b4+ 74. Kb6 h4 75. Kc7 Rc4+ 76. Kd6 Rd4+ 77. Kc6 Rdd5 78. Qh6+
Ke7 79. Qxh4+ Ke6 80. Qh6+ f6 81. Qe3+ Kf7 82. Qb3 Re5 83. Qc4 f5 84. Qh4 Rc5+
85. Kb6 b3 86. Qh7+ Ke6 87. Qg8+ Kf6 88. Qh8+ Kg5 89. Qg7+ Kf4 90. Qh6+ Ke4 91.
Qh1+ Kd3 92. Qd1+ Kc3 93. Qc1+ Kb4 94. Qb2 Rb5+ 95. Kc6 Rec5+ 96. Kd6 Ka5 97.
Qa3+ Kb6 98. Qb2 f4 99. Kd7 Rd5+ 100. Ke7 f3 101. Qf6+ Kb7 102. Qb2 f2 0-1

[Event "Gibraltar Masters 2020"]
[Site "Caleta ENG"]
[Date "2020.01.28"]
[Round "8.68"]
[White "Ranaldi, Lucas"]
[Black "Merario Alarcon, Andres"]
[Result "1-0"]
[WhiteTitle "FM"]
[BlackTitle "IM"]
[WhiteElo "2296"]
[BlackElo "2412"]
[WhiteFideId "1519484"]
[BlackFideId "24522767"]
[EventDate "2020.01.21"]

1. c4 g6 2. Nf3 Bg7 3. d4 c5 4. d5 f5 5. g3 Nf6 6. Bg2 d6 7. O-O O-O 8. Nc3 Na6
9. Re1 Nc7 10. e4 Nxe4 11. Nxe4 fxe4 12. Ng5 e3 13. Bxe3 b5 14. cxb5 Nxb5 15.
Be4 Bf5 16. Bxf5 Rxf5 17. Ne6 Qd7 18. g4 Rf7 19. Qa4 Qb7 20. Re2 Rb8 21. Rd1 Nc7
22. Ng5 Rff8 23. Qe4 Qc8 24. h3 Qd7 25. Bd2 Bxb2 26. Ba5 Na8 27. Ne6 Rfc8 28.
Qe3 Qa4 29. Rdd2 Bf6 30. Bc3 Rb1+ 31. Kg2 Nb6 32. g5 Be5 33. Bxe5 Nc4 34. Qe4
Qb5 35. Bc3 Nxd2 36. Bxd2 Rb2 37. Nf4 Qd7 38. Nxg6 Re8 39. Nf4 Rf8 40. g6 Qf5
41. gxh7+ Kxh7 42. Qxe7+ Rf7 43. Qh4+ Kg8 44. Bc3 1-0

[Event "Gibraltar Masters 2020"]
[Site "Caleta ENG"]
[Date "2020.01.28"]
[Round "8.69"]
[White "Kulkarni, Bhakti"]
[Black "Heinemann, Josefine"]
[Result "1/2-1/2"]
[WhiteTitle "IM"]
[BlackTitle "WGM"]
[WhiteElo "2404"]
[BlackElo "2317"]
[WhiteFideId "5019516"]
[BlackFideId "12900460"]
[EventDate "2020.01.21"]

1. d4 d5 2. c4 c6 3. Nf3 Nf6 4. cxd5 cxd5 5. Nc3 Nc6 6. Bf4 Bf5 7. e3 e6 8. Ne5
Nxe5 9. Bxe5 Nd7 10. Bg3 Bb4 11. Qa4 Qa5 12. Qxa5 Bxa5 13. Kd2 Ke7 14. Bd3 Bxd3
15. Kxd3 Rhc8 16. Nb5 Rc6 17. Rhc1 Bb6 18. Rc3 a6 19. Rxc6 bxc6 20. Nc3 c5 21.
dxc5 Nxc5+ 22. Ke2 Rc8 23. b4 Nb7 24. Kd3 f6 25. Rb1 Rc4 26. a3 Kd7 27. Rb3 h5
28. h3 Ba7 29. Na4 e5 30. Kd2 Nd6 31. f3 Ke6 1/2-1/2